| 000 | 00866cam a22002897a 4500 | ||
|---|---|---|---|
| 001 | 000051881 | ||
| 003 | CHAP | ||
| 005 | 20220329140341.0 | ||
| 008 | 971013s1947 r 00010 d | ||
| 010 | _a50818 | ||
| 011 | _a51790 | ||
| 035 | _a55940 | ||
| 040 | _cCHAP | ||
| 090 | _aFolleto 668 | ||
| 100 | 0 | 0 |
_aPlaza, Salvador de la. _989156 |
| 245 | 1 | 3 |
_aEl problema de la tierra : _b: la reforma agraria elemento básico de planificación de la economía nacional. |
| 260 |
_aMéxico : _bFuente Cultural, _c1947. |
||
| 300 | _a60 p. | ||
| 590 |
_aBATCH-UPD _b10 _c20130110 _lUCH01 _h0709 |
||
| 590 |
_aCONVERSION _b10 _c20130109 _lUCH01 _h1328 |
||
| 590 |
_aE5995AHE _b05 _c20141113 _lUCH01 _h1324 |
||
| 650 | 1 | 4 |
_aReforma agraria _xVenezuela. _995591 |
| 901 | _aBK | ||
| 942 | _cFOLL | ||
| 942 | _n0 | ||
| 949 |
_aFolleto 668 _bBC _cFOLL _d-122450 _eTS1 _i55940 _si |
||
| 999 |
_c50818 _d50818 |
||